000 00359nam a2200133Ia 4500
008 151001s9999||||xx |||||||||||||| ||und||
100 _aकमलाकांता त्रिपाठी
245 _aबेदखल
250 _a1
260 _bसाक्षर प्रकाशन
260 _c2001
300 _a222
365 _b21
999 _c979350
_d979347